IPD regeneration index (Record no. 110158)

MARC details
000 -LEADER
fixed length control field 01196cad a22002175a 4500
001 - CONTROL NUMBER
control field L148672
008 - FIXED-LENGTH DATA ELEMENTS--GENERAL INFORMATION
fixed length control field 091019s2009 xxkbd f s 000 0 eng d
035 ## - SYSTEM CONTROL NUMBER
System control number (Sirsi) u148672
041 0# - LANGUAGE CODE
Language code of text/sound track or separate title eng
050 04 - LIBRARY OF CONGRESS CALL NUMBER
Classification number 711.52 $2 18
110 2# - MAIN ENTRY--CORPORATE NAME
Corporate name or jurisdiction name as entry element Investment Property Databank
9 (RLIN) 2288
245 00 - TITLE STATEMENT
Title IPD regeneration index
Remainder of title Autumn 2009
Medium [electronic resource]
260 ## - PUBLICATION, DISTRIBUTION, ETC.
Place of publication, distribution, etc. London
Name of publisher, distributor, etc. IPD
Date of publication, distribution, etc. 2009
520 ## - SUMMARY, ETC.
Summary, etc. The IPD Regeneration Index All Property total return fell to -22.6% in 2008. Offices remain attractive, returning -19.4% in regeneration areas compared to -20.1% in the broader UK index. Total returns for office property in regeneration areas have consistently exceeded the IPD UK average over the last five and 10 years. IPD Regeneration Index is based on a sample of 565 properties and contains a variety of statistical reports in addition to market commentary.
521 ## - TARGET AUDIENCE NOTE
Target audience note Advanced
590 ## - LOCAL NOTE (RLIN)
Local note KA NTK
651 #4 - SUBJECT ADDED ENTRY--GEOGRAPHIC NAME
Geographic name United Kingdom
Chronological subdivision
690 ## - LOCAL SUBJECT ADDED ENTRY--TOPICAL TERM (OCLC, RLIN)
Topical term or geographic name as entry element PROPERTY-COMMERCIAL PROPERTY-COMMERCIAL PROPERTY FINANCE AND INVESTMENT
856 40 - ELECTRONIC LOCATION AND ACCESS
Uniform Resource Identifier <a href="https://www.ipd.com/OurProducts/Indices/UnitedKingdom/UKRegeneration/tabid/1008/Default.aspx">https://www.ipd.com/OurProducts/Indices/UnitedKingdom/UKRegeneration/tabid/1008/Default.aspx</a>
Public note View the index free of charge at www.ipd.com...
942 ## - ADDED ENTRY ELEMENTS (KOHA)
Suppress in OPAC 0
Holdings
Withdrawn status Lost status Source of classification or shelving scheme Damaged status Not for loan Home library Current library Shelving location Date acquired Total Checkouts Full call number Barcode Date last seen Copy number Price effective from Koha item type
    Dewey Decimal Classification     Virtual Virtual Online 19/10/2009   ONLINE PUBLICATION 148672-2001 06/08/2019 1 06/08/2019 Book